| 000 | 00529nam a2200181Ia 4500 | ||
|---|---|---|---|
| 008 | 090711s9999 xx 000 0 und d | ||
| 082 | _b29314 | ||
| 100 | _aप्रीतम अमgता | ||
| 245 | _aबंद दरवाजा | ||
| 260 | _c1974 | ||
| 300 | _a98 | ||
| 600 | _aप्रीतम अमgता | ||
| 630 | _aबंद दरवाजा | ||
| 700 | _aरानडे प्रतिभा | ||
| 700 | _aप्रीतम अमgता | ||
| 730 | _aबंद दरवाजा | ||
| 942 | _cBOOK | ||
| 999 |
_c321072 _d321072 |
||